00757 2200205 4500001002100000005001700021008004100038035002500079082001100104090002100115100002300136245015400159260005800313300004400371500006000415500003100475650001500506850001200521990001800533YOGYA-0209000007210020150508143121.0 ind  a0010-020900000072100 a306.81 aSK 306.81bSri P aSRIWINARSIH, Endar aPerkawinan di bawah umur bagi mereka yang beragama islam menurut UU No.I tahun 1974 dalam prakteknya di Kabupaten Kulon Progocoleh Endar Sriwinarsih aYogykartabFakultas Hukum Universitas Janabadrac1995 aviii, 77 [28] lembar :bilus. ;c29 cm. aSkripsi Fakultas Hukum Universitas Janabadra Yogyakarta aBibliografi : lembar 76-77 aPerkawinan aYOPDYOG a36105-PD/A.08